000 00344nab a22001097u 4500
008 130520b2006 xxu||||| |||| 00| 0 spa d
041 _aspa
100 1 _aGupta, Lina
_975741
245 0 0 _aEl viaje de una mujer hindú: La afirmación de sí misma
_cLina Gupta
773 0 _tConcilium
_gnº316,2006,págs. 113-124
_x0210-1041
_wRev134
942 _cAR
999 _c378214
_d378214